[Event "FIDE World Blitz-ch Women 2018"]
[Site "St. Petersburg"]
[Date "2018.12.30"]
[Round "15.18"]
[White "Bivol, Alina"]
[Black "Girya, Olga"]
[Result "0-1"]
[WhiteElo "2393"]
[BlackElo "2454"]
[Annotator "TA"]
[PlyCount "98"]
[EventDate "2018.12.19"]
[EventType "swiss"]
[EventCountry "RUS"]
[SourceTitle "playchess.com"]
[Source "ChessBase"]
[SourceQuality "1"]

1. Nf3 d5 2. g3 c6 3. Bg2 Bg4 4. O-O Nf6 5. h3 Bh5 6. d3 Nbd7 7. Qe1 e5 8. e4 Bc5 9. exd5 Bxf3 10. Bxf3 Nxd5 11. Bg2 O-O 12. Nd2 Bb6 13. Nc4 Bc7 14. Ne3 N7b6 15. Qd1 f5 16. Nxd5 Nxd5 17. d4 e4 18. c4 Nf6 19. Be3 Kh8 20. Qe2 Qd7 21. Rad1 Rad8 22. b4 Bd6 23. a3 Qc7 24. c5 Be7 25. Bf4 Qd7 26. Be5 Nd5 27. Rc1 Bf6 28. Bxf6 Rxf6 29. Rfd1 Rdf8 30. Rc2 f4 31. Qxe4 Re8 32. Qd3 fxg3 33. Qxg3 Rg6 34. Qf3 Qe7 35. Rcc1 Rf8 36. Re1 Rxf3 37. Rxe7 Nxe7 38. Re1 Rf7 39. f3 Kg8 40. Kf2 Kf8 41. a4 Nd5 42. b5 Rf4 43. bxc6 bxc6 44. Rb1 Rxd4 45. Rb8+ Ke7 46. Rb7+ Kf6 47. Bf1 Rxa4 48. Bd3 Ra2+ 49. Kf1 Rgg2 0-1

[Event "FIDE World Blitz-ch Women 2018"]
[Site "St. Petersburg"]
[Date "2018.12.30"]
[Round "15.19"]
[White "Vo, Thi Kim Phung"]
[Black "Nomin-Erdene, Davaademberel"]
[Result "0-1"]
[WhiteElo "2352"]
[BlackElo "2376"]
[Annotator "NA"]
[PlyCount "92"]
[EventDate "2018.12.19"]
[EventType "swiss"]
[EventCountry "RUS"]
[SourceTitle "playchess.com"]
[Source "ChessBase"]
[SourceQuality "1"]

1. d4 f5 2. Nf3 Nf6 3. c4 g6 4. g3 Bg7 5. Bg2 d6 6. O-O O-O 7. Nc3 c6 8. Re1 Na6 9. e4 fxe4 10. Nxe4 Nxe4 11. Rxe4 Bf5 12. Re2 Bg4 13. Re4 Qd7 14. Qb3 e5 15. dxe5 Nc5 16. Qe3 Nxe4 17. Qxe4 Bxf3 18. Bxf3 Bxe5 19. Bg4 Qg7 20. Be3 Rae8 21. Qd3 Qf6 22. Rd1 h5 23. Bh3 h4 24. Bg2 Kg7 25. Qd2 hxg3 26. Bh6+ Kg8 27. hxg3 Rf7 28. Re1 Rd8 29. b3 Bc3 30. Qd1 Bxe1 31. Qxe1 g5 32. Bxg5 Qxg5 33. Qe6 Qf6 34. Qe3 Re7 35. Qxa7 b5 36. Qb6 bxc4 37. Bxc6 c3 38. Qxd8+ Kg7 39. Qc8 Re1+ 40. Kg2 c2 41. Bd5 c1=Q 42. Qg8+ Kh6 43. g4 Rg1+ 44. Kh3 Rh1+ 45. Bxh1 Qxh1+ 46. Kg3 Qff3# 0-1

[Event "FIDE World Blitz-ch Women 2018"]
[Site "St. Petersburg"]
[Date "2018.12.30"]
[Round "15.20"]
[White "Protopopova, Anastasiya"]
[Black "Mammadova, Gulnar"]
[Result "0-1"]
[WhiteElo "2304"]
[BlackElo "2368"]
[Annotator "NA"]
[PlyCount "82"]
[EventDate "2018.12.19"]
[EventType "swiss"]
[EventCountry "RUS"]
[SourceTitle "playchess.com"]
[Source "ChessBase"]
[SourceQuality "1"]

1. d4 g6 2. c4 Bg7 3. e4 d6 4. Nc3 e5 5. d5 f5 6. exf5 Bxf5 7. Nge2 Ne7 8. Ng3 O-O 9. Bd3 Bxd3 10. Qxd3 Nd7 11. O-O a5 12. Nge4 Nf5 13. Bd2 h6 14. b3 b6 15. a3 Nc5 16. Nxc5 bxc5 17. Ne4 Nd4 18. b4 axb4 19. axb4 cxb4 20. Bxb4 Rb8 21. Rab1 Qd7 22. c5 dxc5 23. Bxc5 Rxb1 24. Rxb1 Rd8 25. Nc3 Nf5 26. f3 Ra8 27. h3 h5 28. Qc4 Kh7 29. Ne4 Qd8 30. Rd1 Rb8 31. Qc1 Bh6 32. Qc4 Be3+ 33. Kh1 Bd4 34. Bxd4 exd4 35. Nf2 Ne3 36. Qxd4 Nxd1 37. Qxd1 Rb2 38. Ne4 Qe7 39. Qd4 Rb1+ 40. Kh2 Kg8 41. h4 Qxh4# 0-1

[Event "FIDE World Blitz-ch Women 2018"]
[Site "St. Petersburg"]
[Date "2018.12.30"]
[Round "15.21"]
[White "Mirzoeva, Elmira"]
[Black "Nebolsina, Vera"]
[Result "0-1"]
[WhiteElo "2281"]
[BlackElo "2242"]
[Annotator "NA"]
[PlyCount "126"]
[EventDate "2018.12.19"]
[EventType "swiss"]
[EventCountry "RUS"]
[SourceTitle "playchess.com"]
[Source "ChessBase"]
[SourceQuality "1"]

1. Nf3 Nf6 2. c4 g6 3. b3 Bg7 4. Bb2 d6 5. d4 O-O 6. g3 Nbd7 7. Bg2 c6 8. O-O Re8 9. Nc3 e5 10. e4 exd4 11. Nxd4 h5 12. Qd2 h4 13. Rfe1 hxg3 14. hxg3 Nc5 15. b4 Ne6 16. Nf3 a5 17. a3 axb4 18. axb4 Rxa1 19. Rxa1 Qb6 20. Qxd6 Rd8 21. Qe5 Ng4 22. c5 Qxb4 23. Ba3 Qc4 24. Bf1 Nxe5 25. Bxc4 Nxf3+ 26. Kg2 Bxc3 27. Rc1 Ne5 28. Rxc3 Nxc4 29. Rxc4 Rd4 30. Rc2 Rxe4 31. Bb2 Nc7 32. Rd2 Nd5 33. Bd4 Bf5 34. f3 Re1 35. Ra2 Re8 36. g4 Bd3 37. Rb2 Ba6 38. Kg3 Re2 39. Rb1 f6 40. Rh1 g5 41. Rh6 Kg7 42. Rh5 Kf7 43. Rh7+ Kg6 44. Rh1 Nf4 45. Bf2 Nd3 46. Bd4 Rc2 47. Rh8 Nf4 48. Bf2 Kg7 49. Rd8 Kf7 50. Rd7+ Ke6 51. Rd6+ Ke7 52. Rd1 Rc3 53. Re1+ Kf7 54. Rh1 Ne2+ 55. Kg2 Nf4+ 56. Kg3 Be2 57. Bd4 Rxf3+ 58. Kh2 Rh3+ 59. Kg1 Rxh1+ 60. Kxh1 Bxg4 61. Kh2 Ne6 62. Be3 Bf3 63. Kg3 Bd5 0-1

[Event "FIDE World Blitz-ch Women 2018"]
[Site "St. Petersburg"]
[Date "2018.12.30"]
[Round "15.22"]
[White "Skripchenko, Almira"]
[Black "Mamedjarova, Turkan"]
[Result "0-1"]
[WhiteElo "2408"]
[BlackElo "2295"]
[Annotator "NA"]
[PlyCount "96"]
[EventDate "2018.12.19"]
[EventType "swiss"]
[EventCountry "RUS"]
[SourceTitle "playchess.com"]
[Source "ChessBase"]
[SourceQuality "1"]

1. Nf3 d5 2. g3 Nf6 3. Bg2 Bg4 4. c4 e6 5. Qb3 Nc6 6. cxd5 Nxd5 7. O-O Rb8 8. Nc3 Be7 9. Qc4 Bh5 10. d4 O-O 11. Rd1 Bg6 12. e4 Nxc3 13. bxc3 Bxe4 14. Bf4 Bd6 15. Qe2 Bxf3 16. Qxf3 Bxf4 17. Qxf4 Ne7 18. c4 Qd6 19. Qe3 c6 20. Be4 h6 21. Bc2 Rfd8 22. Qe4 g6 23. h4 c5 24. d5 exd5 25. cxd5 h5 26. Bb3 Nf5 27. Rac1 Re8 28. Qf3 Re5 29. Qc3 b6 30. Bc4 Rbe8 31. a4 Re3 32. Rd3 R3e5 33. Bb5 R8e7 34. Rcd1 Nd4 35. Rxd4 cxd4 36. Qxd4 Re1+ 37. Rxe1 Rxe1+ 38. Kg2 Re5 39. Bc6 Re7 40. Qc4 Rc7 41. Qe4 Re7 42. Qc4 Kf8 43. Qc3 Qe5 44. Qb3 Qe4+ 45. Kg1 Qd4 46. a5 Re1+ 47. Kg2 Qe4+ 48. Qf3 Rg1+ 0-1

[Event "FIDE World Blitz-ch Women 2018"]
[Site "St. Petersburg"]
[Date "2018.12.30"]
[Round "15.23"]
[White "Assaubayeva, Bibisara"]
[Black "Danielian, Elina"]
[Result "1-0"]
[WhiteElo "2372"]
[BlackElo "2427"]
[Annotator "TA"]
[PlyCount "105"]
[EventDate "2018.12.19"]
[EventType "swiss"]
[EventCountry "RUS"]
[SourceTitle "playchess.com"]
[Source "ChessBase"]
[SourceQuality "1"]

1. Nf3 Nf6 2. g3 b6 3. Bg2 Bb7 4. O-O e6 5. d4 Be7 6. c4 O-O 7. Nc3 Ne4 8. Bd2 Nxc3 9. Bxc3 Be4 10. Ne5 Bxg2 11. Kxg2 d6 12. Nf3 d5 13. cxd5 Qxd5 14. Qc2 Nd7 15. Rfd1 Nf6 16. Rac1 Rfd8 17. Kg1 Qxa2 18. e4 h6 19. Be1 Qa6 20. Qxc7 Rd7 21. Qc2 Qb7 22. Ne5 Rdd8 23. Nc6 Re8 24. d5 exd5 25. exd5 Bd6 26. Bb4 Qd7 27. Bc3 Ne4 28. Bd4 Qg4 29. Qd3 Ng5 30. Be3 Nf3+ 31. Kg2 Ne5 32. Nxe5 Bxe5 33. b3 Rad8 34. Rc4 Qd7 35. Qc2 Qb7 36. Rc6 Bd6 37. Kg1 Bf8 38. Rc7 Qa6 39. Qf5 Re7 40. Rdc1 Qa3 41. Bf4 Rxc7 42. Rxc7 Be7 43. d6 Qa1+ 44. Kg2 Bxd6 45. Qxf7+ Kh8 46. Bxd6 Rxd6 47. Rc8+ Kh7 48. Qf5+ Rg6 49. Rc6 Qf6 50. Rxf6 gxf6 51. h4 Kg7 52. Qd7+ Kg8 53. Qxa7 1-0

[Event "FIDE World Blitz-ch Women 2018"]
[Site "St. Petersburg"]
[Date "2018.12.30"]
[Round "15.24"]
[White "Ambartsumova, Karina"]
[Black "Murashova, Ekaterina"]
[Result "1-0"]
[WhiteElo "2383"]
[BlackElo "2259"]
[Annotator "NA"]
[PlyCount "61"]
[EventDate "2018.12.19"]
[EventType "swiss"]
[EventCountry "RUS"]
[SourceTitle "playchess.com"]
[Source "ChessBase"]
[SourceQuality "1"]

1. c4 e5 2. Nf3 Nc6 3. Nc3 Nf6 4. a3 g6 5. g3 Bg7 6. Bg2 O-O 7. d3 d6 8. O-O h6 9. Rb1 Be6 10. b4 Qd7 11. Re1 Nd8 12. b5 c6 13. a4 Bh3 14. Bh1 Nh7 15. Bd2 f5 16. a5 Nf6 17. Qb3 Kh7 18. a6 bxa6 19. bxa6 g5 20. Qc2 Bg4 21. c5 Bxf3 22. Bxf3 d5 23. Bg2 e4 24. Na4 Qe7 25. dxe4 fxe4 26. Bc3 Ng4 27. Rf1 Rc8 28. Bxg7 Qxg7 29. Bxe4+ Kh8 30. Bf5 Rxf5 31. Qxf5 1-0

[Event "FIDE World Blitz-ch Women 2018"]
[Site "St. Petersburg"]
[Date "2018.12.30"]
[Round "15.25"]
[White "Chernyak, Viktoria"]
[Black "Guichard, Pauline"]
[Result "1/2-1/2"]
[WhiteElo "2186"]
[BlackElo "2378"]
[Annotator "NA"]
[PlyCount "88"]
[EventDate "2018.12.19"]
[EventType "swiss"]
[EventCountry "RUS"]
[SourceTitle "playchess.com"]
[Source "ChessBase"]
[SourceQuality "1"]

1. c4 Nf6 2. Nc3 g6 3. e4 d6 4. d4 Bg7 5. Be2 O-O 6. Nf3 Nbd7 7. Be3 e5 8. d5 a5 9. Nd2 Nc5 10. a3 c6 11. b4 Na6 12. dxc6 bxc6 13. b5 Nc5 14. bxc6 Ra6 15. O-O Rxc6 16. f3 Ba6 17. Nd5 Nxd5 18. cxd5 Rc8 19. Bxa6 Nxa6 20. Qe2 Nc5 21. Rab1 f5 22. Rfc1 fxe4 23. Nxe4 Nxe4 24. fxe4 Qh4 25. Bb6 Rxc1+ 26. Rxc1 Bh6 27. Rf1 Rxf1+ 28. Kxf1 Qxh2 29. Bxa5 Qh1+ 30. Kf2 Qc1 31. Bb4 Bg5 32. Qg4 Qe3+ 33. Kf1 Bf4 34. Qe6+ Kg7 35. Qe7+ Kh6 36. Qh4+ Kg7 37. Qe7+ Kg8 38. Qe8+ Kg7 39. Qe7+ Kg8 40. Qe8+ Kg7 41. Qe7+ Kh6 42. Qh4+ Kg7 43. Qe7+ Kg8 44. Qe8+ Kg7 1/2-1/2

[Event "FIDE World Blitz-ch Women 2018"]
[Site "St. Petersburg"]
[Date "2018.12.30"]
[Round "15.26"]
[White "Gvanceladze, Anna"]
[Black "Mkrtchian, Lilit"]
[Result "1/2-1/2"]
[WhiteElo "2264"]
[BlackElo "2392"]
[Annotator "NA"]
[PlyCount "105"]
[EventDate "2018.12.19"]
[EventType "swiss"]
[EventCountry "RUS"]
[SourceTitle "playchess.com"]
[Source "ChessBase"]
[SourceQuality "1"]

1. e4 e6 2. Qe2 c5 3. g3 Nc6 4. Nf3 g6 5. Bg2 Bg7 6. c3 Nge7 7. O-O O-O 8. d3 d6 9. Nbd2 Bd7 10. Re1 Rc8 11. Nf1 b5 12. h4 h6 13. Ne3 e5 14. Nd5 Nxd5 15. exd5 Ne7 16. Nd2 f5 17. c4 bxc4 18. dxc4 Rf7 19. Nf1 Rb8 20. f4 exf4 21. gxf4 Kh7 22. Rb1 Ng8 23. h5 g5 24. b3 g4 25. Bb2 Qh4 26. Qf2 Qxh5 27. Bxg7 Rxg7 28. Rb2 Re8 29. Rbe2 Rxe2 30. Rxe2 Qf7 31. Qh4 Qf6 32. Qf2 h5 33. Ng3 Qf7 34. Nf1 Qf6 35. Ng3 Qf7 36. Nf1 Nf6 37. Qh4 Rg8 38. Ng3 Qg6 39. Re7+ Rg7 40. Re2 Rg8 41. a3 Re8 42. b4 Rxe2 43. Nxe2 cxb4 44. axb4 Qh6 45. c5 Bb5 46. Ng3 Qxf4 47. Qxf6 Qxg3 48. Qf7+ Kh6 49. Qf6+ Kh7 50. Qf7+ Kh6 51. Qf6+ Kh7 52. Qf7+ Kh6 53. Qf6+ 1/2-1/2

[Event "FIDE World Blitz-ch Women 2018"]
[Site "St. Petersburg"]
[Date "2018.12.30"]
[Round "15.27"]
[White "Voit, Daria"]
[Black "Tokhirjonova, Gulrukhbegim"]
[Result "0-1"]
[WhiteElo "2358"]
[BlackElo "2444"]
[Annotator "TA"]
[PlyCount "52"]
[EventDate "2018.12.19"]
[EventType "swiss"]
[EventCountry "RUS"]
[SourceTitle "playchess.com"]
[Source "ChessBase"]
[SourceQuality "1"]

1. Nf3 d5 2. c4 c6 3. d4 Nf6 4. Nc3 g6 5. e3 Bg7 6. Be2 O-O 7. O-O e6 8. Bd2 b6 9. Rc1 Bb7 10. Ne5 Nbd7 11. f4 Qe7 12. Qa4 Rfc8 13. cxd5 cxd5 14. Ba6 Bxa6 15. Qxa6 Qd8 16. Nb5 Nxe5 17. fxe5 Ne4 18. Bb4 Bh6 19. Rce1 Qd7 20. Nc3 Nxc3 21. Bxc3 Rc4 22. Rf3 b5 23. Qa5 Ra4 24. Qb4 Rxb4 25. Bxb4 a5 26. Bc5 Bf8 0-1

[Event "FIDE World Blitz-ch Women 2018"]
[Site "St. Petersburg"]
[Date "2018.12.30"]
[Round "15.28"]
[White "Bezgodova, Svetlana"]
[Black "Batsiashvili, Nino"]
[Result "0-1"]
[WhiteElo "2046"]
[BlackElo "2459"]
[Annotator "TA"]
[PlyCount "92"]
[EventDate "2018.12.19"]
[EventType "swiss"]
[EventCountry "RUS"]
[SourceTitle "playchess.com"]
[Source "ChessBase"]
[SourceQuality "1"]

1. Nf3 Nf6 2. g3 d5 3. Bg2 c5 4. O-O h6 5. d4 cxd4 6. Nxd4 e5 7. Nb3 Nc6 8. Nc3 Be6 9. e4 d4 10. Ne2 a5 11. Bd2 a4 12. Nbc1 Be7 13. Nd3 O-O 14. b3 Qc7 15. h3 Rfc8 16. c4 dxc3 17. Bxc3 Rd8 18. Qb1 Nd4 19. Nxd4 exd4 20. Bd2 axb3 21. axb3 Rxa1 22. Qxa1 Bxb3 23. Rc1 Qb8 24. e5 Nd5 25. Qb2 Ba4 26. Bxd5 Rxd5 27. Qa2 Bc6 28. f4 Qe8 29. Bb4 Rd8 30. Bxe7 Qxe7 31. Qc4 Qd7 32. Kh2 Bb5 33. Qb3 Bxd3 34. Qxd3 Qd5 35. Rb1 Ra8 36. Rb2 Ra2 37. Rxa2 Qxa2+ 38. Kg1 Qd5 39. Kf2 b5 40. g4 b4 41. Qa6 d3 42. Ke1 d2+ 43. Kd1 b3 44. Qc8+ Kh7 45. Qf5+ g6 46. Qb1 Qh1+ 0-1

[Event "FIDE World Blitz-ch Women 2018"]
[Site "St. Petersburg"]
[Date "2018.12.30"]
[Round "15.29"]
[White "Shvayger, Yuliya"]
[Black "Maltsevskaya, Aleksandra"]
[Result "1/2-1/2"]
[WhiteElo "2393"]
[BlackElo "2243"]
[Annotator "NA"]
[PlyCount "68"]
[EventDate "2018.12.19"]
[EventType "swiss"]
[EventCountry "RUS"]
[SourceTitle "playchess.com"]
[Source "ChessBase"]
[SourceQuality "1"]

1. e4 c5 2. Nf3 e6 3. c4 Nc6 4. Nc3 g6 5. d4 cxd4 6. Nxd4 d6 7. Be3 Nf6 8. Be2 Bg7 9. Ndb5 O-O 10. Nxd6 Qa5 11. O-O Rd8 12. c5 Ne8 13. Qb3 Nxd6 14. cxd6 e5 15. Nb5 Be6 16. Bc4 Bxc4 17. Qxc4 a6 18. Nc7 Rac8 19. Nd5 Rxd6 20. a4 h5 21. b4 Qd8 22. b5 axb5 23. axb5 Nd4 24. Qxc8 Rxd5 25. Qxb7 Rxb5 26. Ra8 Rxb7 27. Rxd8+ Kh7 28. h3 Ne6 29. Rd5 Rb4 30. f3 Rb3 31. Bd2 Nd4 32. Rd1 Rb2 33. Be3 Ne2+ 34. Kh2 Nc3 1/2-1/2

[Event "FIDE World Blitz-ch Women 2018"]
[Site "St. Petersburg"]
[Date "2018.12.30"]
[Round "15.30"]
[White "Gevorgyan, Maria"]
[Black "Tsatsalashvili, Keti"]
[Result "0-1"]
[WhiteElo "2228"]
[BlackElo "2303"]
[Annotator "NA"]
[PlyCount "86"]
[EventDate "2018.12.19"]
[EventType "swiss"]
[EventCountry "RUS"]
[SourceTitle "playchess.com"]
[Source "ChessBase"]
[SourceQuality "1"]

1. e4 c5 2. Nc3 d6 3. g3 Nc6 4. Bg2 g6 5. Nge2 Bg7 6. d3 e6 7. Be3 Nd4 8. Qd2 Ne7 9. Nc1 O-O 10. Nd1 Ndc6 11. Bh6 Re8 12. h4 Bh8 13. h5 Qc7 14. c3 b6 15. hxg6 fxg6 16. Qg5 e5 17. Ne3 Nd8 18. Qh4 Nf7 19. Ne2 Be6 20. c4 Nc6 21. Nc3 Nxh6 22. Qxh6 Qg7 23. Qh4 Nd4 24. Kd2 Rf8 25. Raf1 Rae8 26. Ncd5 Bxd5 27. Nxd5 h5 28. g4 Qh6+ 29. Kd1 Bg7 30. gxh5 Qxh5+ 31. Qxh5 gxh5 32. Rxh5 Rf7 33. Rg5 Ref8 34. Ke1 Nc2+ 35. Kd2 Nd4 36. Ke3 Nc2+ 37. Ke2 Nd4+ 38. Kd2 Kh7 39. Rh1+ Bh6 40. Ne3 Rxf2+ 41. Kd1 Rxb2 42. Rgh5 Rf6 43. Ng4 Rb1# 0-1

[Event "FIDE World Blitz-ch Women 2018"]
[Site "St. Petersburg"]
[Date "2018.12.30"]
[Round "15.31"]
[White "Nakhbayeva, Guliskhan"]
[Black "Guseva, Marina"]
[Result "0-1"]
[WhiteElo "2371"]
[BlackElo "2408"]
[Annotator "NA"]
[PlyCount "104"]
[EventDate "2018.12.19"]
[EventType "swiss"]
[EventCountry "RUS"]
[SourceTitle "playchess.com"]
[Source "ChessBase"]
[SourceQuality "1"]

1. d4 d5 2. Nf3 Nf6 3. Bf4 c5 4. e3 Nc6 5. Nbd2 Bg4 6. c3 Bxf3 7. Nxf3 e6 8. Bb5 Qb6 9. Qa4 a6 10. Bxc6+ Qxc6 11. Qxc6+ bxc6 12. Ne5 Rc8 13. O-O Nd7 14. Rfc1 Nxe5 15. Bxe5 f6 16. Bg3 Kd7 17. dxc5 Bxc5 18. b4 Bd6 19. Bxd6 Kxd6 20. Kf1 Ra8 21. c4 Rhb8 22. Rab1 a5 23. cxd5 exd5 24. bxa5 Rxb1 25. Rxb1 Rxa5 26. Rb7 g5 27. Rxh7 Rxa2 28. g4 c5 29. Rf7 Ke6 30. Rc7 Rc2 31. Rc6+ Ke5 32. Kg2 c4 33. Kg3 c3 34. f4+ gxf4+ 35. exf4+ Ke4 36. Rxf6 d4 37. g5 Ra2 38. g6 c2 39. Rc6 Ra3+ 40. Kg4 Rc3 41. Re6+ Kd5 42. Re5+ Kd6 43. Re1 d3 44. g7 Rc8 45. f5 d2 46. Re6+ Kd5 47. Kg5 d1=Q 48. Kf6 c1=Q 49. Re5+ Kd4 50. Re6 Qh6+ 51. Kf7 Qdh5+ 52. Rg6 Qxf5+ 0-1

[Event "FIDE World Blitz-ch Women 2018"]
[Site "St. Petersburg"]
[Date "2018.12.30"]
[Round "15.32"]
[White "Lysenko, Margarita"]
[Black "Maletina, Tatiana"]
[Result "1-0"]
[WhiteElo "2190"]
[BlackElo "2270"]
[Annotator "NA"]
[PlyCount "63"]
[EventDate "2018.12.19"]
[EventType "swiss"]
[EventCountry "RUS"]
[SourceTitle "playchess.com"]
[Source "ChessBase"]
[SourceQuality "1"]

1. c4 b6 2. Nf3 Bb7 3. g3 e6 4. Bg2 f5 5. O-O Nf6 6. d4 Bd6 7. Nc3 O-O 8. d5 Na6 9. Nd4 Be5 10. f4 Bxd4+ 11. Qxd4 Qe7 12. Kh1 Rab8 13. b3 d6 14. Ba3 Nc5 15. Rae1 e5 16. fxe5 dxe5 17. Bxc5 bxc5 18. Qd2 Ne8 19. e4 Bc8 20. exf5 Bxf5 21. Qe3 Nd6 22. Qxe5 Qd7 23. Qe3 Rbe8 24. Qxc5 Bd3 25. Rxf8+ Rxf8 26. Qd4 Bg6 27. Qd2 Nb7 28. d6 cxd6 29. Qd5+ Kh8 30. Qxb7 Qg4 31. Qd5 h6 32. Qd2 1-0

[Event "FIDE World Blitz-ch Women 2018"]
[Site "St. Petersburg"]
[Date "2018.12.30"]
[Round "15.33"]
[White "Savina, Anastasia"]
[Black "Fominykh, Maria"]
[Result "1-0"]
[WhiteElo "2334"]
[BlackElo "2259"]
[Annotator "NA"]
[PlyCount "63"]
[EventDate "2018.12.19"]
[EventType "swiss"]
[EventCountry "RUS"]
[SourceTitle "playchess.com"]
[Source "ChessBase"]
[SourceQuality "1"]

1. d4 d6 2. Nf3 g6 3. c4 Bg7 4. Nc3 e5 5. e4 exd4 6. Nxd4 Nc6 7. Be3 Nxd4 8. Bxd4 Bxd4 9. Qxd4 Qf6 10. Qd2 Be6 11. Nd5 Bxd5 12. cxd5 Qe5 13. O-O-O O-O-O 14. Bd3 g5 15. Kb1 Nf6 16. f3 Nd7 17. Rc1 Nb6 18. Qa5 Kb8 19. Rc3 Rd7 20. Rhc1 Qd4 21. Ra3 Nc8 22. Rb3 Nb6 23. Ra3 Nc8 24. Rb3 Nb6 25. Qb5 Re7 26. Ra3 Rc8 27. Qa5 a6 28. Bxa6 bxa6 29. Qxa6 Rce8 30. Rb3 Qe5 31. a4 Qd4 32. a5 1-0

[Event "FIDE World Blitz-ch Women 2018"]
[Site "St. Petersburg"]
[Date "2018.12.30"]
[Round "15.34"]
[White "Semenova, Elena"]
[Black "Haussernot, Cecile"]
[Result "1/2-1/2"]
[WhiteElo "2260"]
[BlackElo "2196"]
[Annotator "NA"]
[PlyCount "114"]
[EventDate "2018.12.19"]
[EventType "swiss"]
[EventCountry "RUS"]
[SourceTitle "playchess.com"]
[Source "ChessBase"]
[SourceQuality "1"]

1. e4 c5 2. Nf3 d6 3. Bb5+ Nd7 4. O-O a6 5. Bd3 Ngf6 6. Re1 b5 7. c4 Rb8 8. Nc3 b4 9. Nd5 e6 10. Nxf6+ Qxf6 11. Bc2 g5 12. d4 g4 13. e5 Qg7 14. Ng5 cxd4 15. exd6 Bxd6 16. Nxe6 fxe6 17. Rxe6+ Be7 18. Bf4 Rb6 19. Qe2 Rxe6 20. Qxe6 Qf7 21. Qxg4 Nb6 22. Qg3 Rg8 23. Qf3 Bd7 24. Re1 Rg4 25. g3 Kf8 26. Bh6+ Kg8 27. Qxf7+ Kxf7 28. Bxh7 Nxc4 29. h3 d3 30. hxg4 d2 31. Ra1 Bxg4 32. Bc2 Bf6 33. Bd1 Bxb2 34. Rb1 Bf5 35. Rxb2 Nxb2 36. Bb3+ Kg6 37. Bxd2 a5 38. Bd5 Bc2 39. f4 Kf5 40. Kf2 Nd3+ 41. Ke3 Nc5 42. Kd4 Nd7 43. Bc6 Nf6 44. Bb7 Kg4 45. Be1 Nh5 46. Kc4 Nxg3 47. Bxg3 Kxg3 48. Kb5 Kxf4 49. Bd5 Ke5 50. Bg8 Kd4 51. Kxa5 Kc3 52. Bf7 Bd3 53. Be6 Bc4 54. Bxc4 Kxc4 55. Ka4 Kc3 56. Kb5 Kb2 57. Kxb4 Kxa2 1/2-1/2

[Event "FIDE World Blitz-ch Women 2018"]
[Site "St. Petersburg"]
[Date "2018.12.30"]
[Round "15.35"]
[White "Tsolakidou, Stavroula"]
[Black "Sukhareva, Evgeniya"]
[Result "1-0"]
[WhiteElo "2387"]
[BlackElo "2126"]
[Annotator "NA"]
[PlyCount "87"]
[EventDate "2018.12.19"]
[EventType "swiss"]
[EventCountry "RUS"]
[SourceTitle "playchess.com"]
[Source "ChessBase"]
[SourceQuality "1"]

1. e4 c5 2. Nf3 e6 3. d4 cxd4 4. Nxd4 a6 5. c4 Qc7 6. Nc3 b6 7. Be2 Bb7 8. O-O Nf6 9. Qd3 d6 10. f4 Nbd7 11. b4 g6 12. Be3 Bg7 13. Rac1 O-O 14. Rfd1 Rfd8 15. Nd5 exd5 16. cxd5 Nc5 17. bxc5 bxc5 18. Bf3 Re8 19. Nc6 a5 20. e5 Nd7 21. Bf2 a4 22. Rb1 Bc8 23. Bg3 a3 24. Re1 Ba6 25. Qd2 Bh6 26. e6 Nf6 27. Qc2 Bb7 28. f5 Bg7 29. exf7+ Qxf7 30. fxg6 hxg6 31. h3 g5 32. Bxd6 g4 33. hxg4 Nh7 34. Ne7+ Kh8 35. Rxb7 Bd4+ 36. Kf1 Rab8 37. Ng6+ Qxg6 38. Qxg6 Rxe1+ 39. Kxe1 Rxb7 40. Be4 Nf6 41. Qh6+ Kg8 42. Bf5 Bc3+ 43. Kf1 Ra7 44. Be6+ 1-0

[Event "FIDE World Blitz-ch Women 2018"]
[Site "St. Petersburg"]
[Date "2018.12.30"]
[Round "15.36"]
[White "Styazhkina, Anna"]
[Black "Michna, Marta"]
[Result "1-0"]
[WhiteElo "2274"]
[BlackElo "2333"]
[Annotator "NA"]
[PlyCount "84"]
[EventDate "2018.12.19"]
[EventType "swiss"]
[EventCountry "RUS"]
[SourceTitle "playchess.com"]
[Source "ChessBase"]
[SourceQuality "1"]

1. e4 d6 2. d4 Nf6 3. Nc3 Nc6 4. Nge2 e5 5. d5 Ne7 6. f3 Ng6 7. Be3 Be7 8. Qd2 c6 9. h4 cxd5 10. exd5 h6 11. O-O-O a6 12. h5 Nf8 13. f4 N8d7 14. Ng3 Ng4 15. Bg1 exf4 16. Nf5 O-O 17. Nxe7+ Qxe7 18. Qxf4 Nde5 19. Bd4 Bd7 20. Be2 Rfe8 21. Kb1 b5 22. Rhe1 Nf6 23. Bf3 b4 24. Ne4 Nxd5 25. Qg3 Bc6 26. Nxd6 Nxf3 27. Rxe7 Nxd4 28. Nxe8 Bxe8 29. Re5 Bc6 30. Rxd4 Nf6 31. Re1 a5 32. Rd6 Ne4 33. Rxe4 Bxe4 34. Qe3 Re8 35. Qd2 f5 36. b3 Kh7 37. Rd7 Rc8 38. Kb2 a4 39. bxa4 Rb8 40. Qd4 Rg8 41. a5 Bxg2 42. a6 b3 1-0

[Event "FIDE World Blitz-ch Women 2018"]
[Site "St. Petersburg"]
[Date "2018.12.30"]
[Round "15.37"]
[White "Zhukova, Natalia"]
[Black "Belenkaya, Dina"]
[Result "1-0"]
[WhiteElo "2377"]
[BlackElo "2338"]
[Annotator "NA"]
[PlyCount "87"]
[EventDate "2018.12.19"]
[EventType "swiss"]
[EventCountry "RUS"]
[SourceTitle "playchess.com"]
[Source "ChessBase"]
[SourceQuality "1"]

1. c4 e5 2. Nc3 Nc6 3. Nf3 Nf6 4. g3 Bb4 5. Bg2 d6 6. O-O a6 7. d3 h6 8. Na4 O-O 9. a3 Bc5 10. b4 Ba7 11. b5 axb5 12. cxb5 Ne7 13. Bb2 Ng6 14. Qc2 Bd7 15. Nc3 c6 16. bxc6 bxc6 17. e4 h5 18. Bc1 Qc8 19. Bg5 Nh7 20. Be3 Bh3 21. Qd2 h4 22. Bxa7 Rxa7 23. Ng5 Bxg2 24. Kxg2 Nf6 25. f4 exf4 26. gxf4 Qg4+ 27. Kh1 h3 28. Qf2 Ra5 29. Rg1 Qxf4 30. Nxh3 Qe5 31. d4 Qh5 32. Nf4 Nxf4 33. Qxf4 Re8 34. Qxf6 g6 35. Raf1 Qh7 36. a4 Rh5 37. Rg2 Rh3 38. d5 cxd5 39. Nxd5 Qg7 40. Ne7+ Kh7 41. Qxd6 Rh5 42. Nd5 Rhe5 43. Nf6+ Kh8 44. Nxe8 1-0

[Event "FIDE World Blitz-ch Women 2018"]
[Site "St. Petersburg"]
[Date "2018.12.30"]
[Round "15.38"]
[White "Badelka, Olga"]
[Black "Dordzhieva, Dinara"]
[Result "0-1"]
[WhiteElo "2385"]
[BlackElo "2340"]
[Annotator "NA"]
[PlyCount "88"]
[EventDate "2018.12.19"]
[EventType "swiss"]
[EventCountry "RUS"]
[SourceTitle "playchess.com"]
[Source "ChessBase"]
[SourceQuality "1"]

1. c4 c5 2. g3 Nf6 3. Bg2 Nc6 4. Nc3 g6 5. d3 Bg7 6. Qd2 d6 7. b3 e5 8. e3 Be6 9. Bb2 d5 10. cxd5 Nxd5 11. Ne4 b6 12. Nf3 h6 13. a3 Rc8 14. h4 O-O 15. h5 g5 16. Rd1 f5 17. Nc3 Nxc3 18. Qxc3 Qe7 19. Nd2 Rfd8 20. Nc4 Nd4 21. Kf1 Nb5 22. Qc2 Bf7 23. g4 fxg4 24. Be4 Nc7 25. Qe2 Ne8 26. Bf5 Rc7 27. Bxg4 b5 28. Nd2 Nf6 29. Bf5 Qe8 30. Bg6 Bxg6 31. hxg6 Qxg6 32. Nf3 Ng4 33. Rg1 h5 34. Kg2 Rf7 35. e4 Rdf8 36. Rd2 Rxf3 37. Qxf3 Rxf3 38. Kxf3 Qf7+ 39. Kg2 Qf4 40. Re2 Qh2+ 41. Kf1 Qh3+ 42. Ke1 Qxd3 43. Rd2 Qxe4+ 44. Kd1 Qb1+ 0-1